000
00292nam a22001217a 4500
008
180822b xxu||||| |||| 00| 0 eng d
041
_a
eng
080
_a
616.8
100
_a
7
101
_a
neu
245
_a
fluid and elecctrolytes in neurological surgery
_c
thomas,c,c
942
_2
udc
_c
BK
999
_c
47256
_d
47256